Countries That Produce The Most Legumes - Statistics

General Stats
  • This quiz has been taken 87 times
  • The average score is 8 of 14
Answer Stats
% Of Total Produced Country % Correct
6.59% United States
98%
2.18% China
94%
6.20% France
90%
7.04% Spain
84%
8.24% Mexico
83%
1.96% Germany
77%
3.75% Egypt
63%
8.81% Netherlands
52%
2.62% Belgium
48%
18.4% Morocco
47%
2.22% Peru
43%
10.9% Guatemala
22%
5.61% Kenya
12%
1.60% Senegal
6%
No matching quizzes found
Score Distribution
Percent of People with Each Score
Percentile by Number Answered
Your Score History
You have not taken this quiz